Identify the Music Act from the Nickname #6 (Bands) - Statistics

General Stats
  • This quiz has been taken 74 times
  • The average score is 4 of 12
Answer Stats
Nickname(s) Music Act % Correct
The Fab Four The Beatles
95%
The Zepps Led Zeppelin
75%
‘The Greatest Rock 'n Roll Band in the World’ The Rolling Stones
55%
The Bad Boys From Boston Aerosmith
34%
The Pre-Fab Four The Monkees
20%
The Most Dangerous Band in the World Guns N’’ Roses
16%
The Only Band that Matters The Clash
16%
The Beast Iron Maiden
14%
America’s Band The Beach Boys
11%
The First Family of Country Music Carter Family
9%
The Hottest Band in the World Kiss
9%
Ee-Low Electric Light Orchestra
6%
No matching quizzes found
Score Distribution
Percent of People with Each Score
Percentile by Number Answered
Your Score History
You have not taken this quiz